7 Groups of 7- Geography #2 - Statistics

General Stats
  • This quiz has been taken 1,056 times
  • The average score is 36 of 49
Answer Stats
Hint Answer % Correct
Countries bordering Poland (land borders) Germany
96%
Countries whose name ends in "-stan" Kazakhstan
96%
Countries whose name ends in "-stan" Pakistan
96%
Countries whose name ends in "-stan" Turkmenistan
96%
Countries whose name ends in "-stan" Afghanistan
95%
World's Seven Continents Asia
95%
World's Seven Continents Europe
95%
World's Seven Continents North America
95%
World's Seven Continents South America
95%
Countries whose name ends in "-stan" Uzbekistan
95%
World's Seven Continents Africa
94%
Countries whose name ends in "-stan" Tajikistan
94%
Countries whose name ends in "-stan" Kyrgyzstan
93%
Countries with coastlines in the Pacific & the Caribbean Mexico
93%
World's Seven Continents Oceania
93%
World's Seven Continents Antarctica
92%
Seas bordering Greece Mediterranean Sea
92%
Countries with coastlines in the Pacific & the Caribbean Panama
92%
Countries bordering Poland (land borders) Russia
92%
Countries bordering Poland (land borders) Czechia
91%
Countries with coastlines in the Pacific & the Caribbean Nicaragua
91%
Countries bordering Poland (land borders) Belarus
90%
Countries with coastlines in the Pacific & the Caribbean Costa Rica
90%
Countries with coastlines in the Pacific & the Caribbean Honduras
90%
Countries with coastlines in the Pacific & the Caribbean Guatemala
89%
Countries bordering Poland (land borders) Lithuania
89%
Countries bordering Poland (land borders) Slovakia
89%
Countries bordering Poland (land borders) Ukraine
87%
Seas bordering Greece Aegean Sea
83%
Canadian Provinces bordering the United States Ontario
81%
Canadian Provinces bordering the United States Quebec
80%
Countries with coastlines in the Pacific & the Caribbean Colombia
79%
Canadian Provinces bordering the United States Alberta
74%
Canadian Provinces bordering the United States British Columbia
72%
French Possessions in the Americas French Guiana
72%
Canadian Provinces bordering the United States Manitoba
62%
French Possessions in the Americas Saint Martin
62%
Canadian Provinces bordering the United States Saskatchewan
62%
Seas bordering Greece Ionian Sea
55%
Canadian Provinces bordering the United States New Brunswick
48%
French Possessions in the Americas Guadeloupe
47%
French Possessions in the Americas Martinique
47%
French Possessions in the Americas Saint Pierre and Miquelon
25%
Seas bordering Greece Cretan Sea
17%
French Possessions in the Americas Saint Barthélemy
17%
Seas bordering Greece Myrtoan Sea
4%
Seas bordering Greece Thracian Sea
4%
French Possessions in the Americas Clipperton Island
3%
Seas bordering Greece Icarian Sea
2%
No matching quizzes found
Score Distribution
Percent of People with Each Score
Percentile by Number Answered
Your Score History
You have not taken this quiz